[Event "NOR-chT Club"]
[Site "Drammen"]
[Date "2025.06.01"]
[Round "6.8"]
[White "Myhre, Asbjorn"]
[Black "Oommen, John Samuel"]
[Result "0-1"]
[WhiteElo "1803"]
[BlackElo "2055"]
[PlyCount "74"]
[EventDate "2025.05.29"]
[EventType "team-swiss"]
[EventRounds "6"]
[EventCountry "NOR"]
[SourceTitle "CB23_2025"]
[SourceDate "2025.06.04"]
[SourceVersion "1"]
[SourceVersionDate "2025.06.04"]
[SourceQuality "1"]
[WhiteTeam "Kristiansand"]
[BlackTeam "Oslo Schakselskap II"]
[WhiteTeamCountry "NOR"]
[BlackTeamCountry "NOR"]

1. d4 d5 2. c4 e6 3. e3 c6 4. cxd5 exd5 5. Nf3 Nf6 6. Nc3 Bd6 7. Be2 Bf5 8. Bd3 Bxd3 9. Qxd3 0-0 10. 0-0 Re8 11. a3 Nbd7 12. Rd1 Ne4 13. Ne2 Ndf6 14. Bd2 Re6 15. Be1 Bc7 16. b4 a6 17. a4 Nd6 18. Ra2 Nfe4 19. Ne5 f6 20. Nf3 Nc4 21. Rda1 Qd6 22. g3 Qd7 23. Nc1 Re7 24. Qf1 Qf5 25. Nh4 Qe6 26. Nd3 Ng5 27. Qg2 Nxe3 28. fxe3 Qxe3+ 29. Nf2 Qxe1+ 30. Rxe1 Rxe1+ 31. Qf1 Rxf1+ 32. Kxf1 Kf7 33. b5 axb5 34. Nd3 Rxa4 35. Re2 Rxd4 36. Nc5 Bb6 37. Nxb7 Rd1+ 0-1